MARC

LEADER 00000nam0a2200000 4500
001 270472
005 20231101234340.0
020 |a RU  |b 87-23838ж 
035 |a (RuTPU)RU\TPU\book\293653 
090 |a 270472 
100 |a 20140929d1987 k y0rusy5003 ca 
101 0 |a rus 
102 |a RU 
105 |a a z 001zy 
200 1 |a Тектоника неоген-четвертичного осадочного чехла дна Японского моря  |f М. П. Антипов  |g Академия наук СССР (АН СССР), Геологический институт (ГИН) 
210 |a Москва  |c Наука  |d 1987 
215 |a 85 с.  |c ил.  |d 24 см 
225 1 |a Труды геологического института АН СССР  |v Вып. 412 
320 |a Библиогр.: с. 77-83 
606 1 |a Тектоника четвертичная  |2 stltpush  |3 (RuTPU)RU\TPU\subj\58782  |9 76533 
610 1 |a Японское море 
610 1 |a геологическая изученность 
610 1 |a геофизическая изученность 
610 1 |a происхождение 
610 1 |a развитие 
610 1 |a дно 
610 1 |a рельеф 
610 1 |a временные разрезы 
610 1 |a сейсмостратиграфический анализ 
610 1 |a осадочные чехлы 
610 1 |a строение 
610 1 |a структурные элементы 
610 1 |a глубинное строение 
610 1 |a неотектоника 
610 1 |a глубоководные котловины 
610 1 |a нефтегазоносность 
610 1 |a консолидированная кора 
675 |a 551.242  |z rus  |v 4 
700 1 |a Антипов  |b М. П.  |g Михаил Петрович  |4 070 
712 0 2 |a Академия наук СССР (АН СССР)  |b Геологический институт (ГИН)  |c (Москва)  |2 stltpush  |3 (RuTPU)RU\TPU\col\11354 
801 0 |a RU  |b RuMRKP  |c 19950417  |g psbo 
801 1 |a RU  |b 63413507  |c 20140929 
801 2 |a RU  |b 63413507  |c 20170307  |g RCR 
942 |c BK